La 7e compagnie (films) - Statistiques

Statistiques générales
  • Ce quiz a été pris 63 fois
  • Le résultat moyen est 19 sur 40
Statistiques - réponses
Question Réponse % Correct
Quel acteur est le beau-frère du chef Chaudard ? Gérard Jugnot
92%
Dans le 3e film, comment se prénomme la femme du chef Chaudard ? Suzanne
81%
Comment se prénomme le beau-frère du chef Chaudard ? Gaston
77%
Dans le civil, Pithiviers est selon lui... Employé de mairie
73%
Quel est le nom de la vache qui est prise dans la vase ? Titine
73%
Comment se nomme le lieutenant aviateur ? Duvauchel
69%
Le pharmacien que rencontre Robert Lamoureux est joué par... Hubert Deschamps
65%
Quel est le réalisateur des films ? Robert Lamoureux
65%
La mère de Tassin est originaire de... Sicile
65%
Pierre Tornade interprète la capitaine... Dumont
62%
Le chef Chaudard est quincaillier à... Vesoul
62%
Qui affirme "Tout le monde peut être chef" ? Jean Lefebvre
58%
Dans le 3e film, le chef Chaudard se prénomme... Paul
58%
Le lieutenant oublie quelque chose dans la ferme... Quoi ? Son foulard
58%
Le père de Tassin est originaire de... Corse
54%
Qui joue le rôle de la Mère Crouzy ? Jackie Sardou
54%
De quel film sort cette citation : "On fait pas les mouvements respiratoires à un type qui a les bras cassés" On a retrouvé la 7e compagnie
54%
Quel outil le chef Chaudard fait-il tomber au milieu d'une rivière ? un marteau
54%
Robert Lamoureux interprète le colonel... Blanchet
50%
Le troisième film est sorti avant l'élection présidentielle qui a vu la victoire de François Mitterrand. Mais combien d'années avant ? 4
46%
Quel nom, rimant avec son prénom, porte le beau-frère du chef Chaudard ? Gorgeton
46%
Tassin dit avoir une soeur qui est née en ... 1912
42%
Le premier film est sorti en 1973
42%
Selon le pharmacien, si le pont saute, la Mère Crousy va devoir faire un détour de *** km 8
42%
Jean Carmet est un passeur prénommé... Albert
42%
Le commandant du groupe de résistants a pour pseudo... Gilles
42%
Le capitaine joue avec un officier allemand aux échecs, quel est le grade de celui-ci ? Général
38%
Le rôle du général Panadon est tenu par Jacques Monod
38%
Le chien de garde de la ferme qui fait fuir les "courageux" se nomme... Pyrame
38%
Le 3e film se déroule en 1942
35%
Le deuxième film est sorti *** ans après la fin de la Seconde guerre mondiale... 30 ans
35%
Pour faire sauter le pont, il faut brancher les fils sur les boutons... bleu et blanc
35%
Le beau-père du chef Chaudard exerce le métier de/d'... Instituteur
35%
Qui a participé à l'écriture du scénario des 2e et 3e film avec Robert Lamoureux ? Jean-Marie Poiré
31%
A quel régiment de Transmissions est supposée appartenir la 7e Compagnie le 106e
31%
Le père de Pithiviers exerçait la profession de/d' Machiniste
31%
Le 1er et le 2e film se sont classés au box-office français au mieux à la *** place. 3e
27%
Quand le chef Chaudard coupe du jambon, il fait *** tranches... 12
15%
Qui dit "La prochaine connerie, c'est une balle dans le cigare" ? Fred Personne
8%
Dans le dernier volet, la femme de Pithiviers travaille... à la mairie
0%
Aucun quiz correspondant
Distribution des résultats
% des personnes avec chaque résultat
Percentile par nombre de réponses
Votre historique - résultats
Vous n’avez pas pris ce quiz